00857nam a2200241 a 4500008004100000020002300041049000900064090001600073100001900089245008500108260003700193300003300230440003100263504004100294650003900335907003500374003000100409005001700410040000900427942002300436999001900459952013700478  a1857151488 (cased) aMAIN aPR4759bHAR1 aHardy, Thomas.14aThe Mayor of Casterbridge /cThomas Hardy ; with an introduction by Craig Raine. aLondon :bDavid Campbell,c1993. axli, 362 p. :bmap ;c22 cm. 0aEveryman's Library ;v148. aIncludes bibliographical references. aEnglish literature d19th century. a.b10114695b08-12-14c22-03-0420230123122131.0 cNUST cBOOKSkPR4759mHAR c128379d128379 r2023-01-23 00:00:00l1oPR4759 HARp92003020477v80.00w2023-01-23yBOOKS102LCC40708NFIC00aMAINbMAINcGENd2023-01-23g80.00